[Event "3rd Stars Cup 2019"]
[Site "Anzali"]
[Date "2019.02.12"]
[Round "1.1"]
[White "Safarli, Eltaj"]
[Black "Maghsoodloo, Parham"]
[Result "1/2-1/2"]
[WhiteElo "2681"]
[BlackElo "2666"]
[Annotator "TA"]
[PlyCount "34"]
[EventDate "2019.02.12"]
[EventType "schev"]
[EventCountry "IRI"]
[SourceTitle "playchess.com"]
[Source "ChessBase"]
[SourceQuality "1"]

{[%evp 18,34,31,37,44,24,66,47,101,103,114,111,102,31,12,0,16,17,25]} 1. e4 c5 2. Nc3 Nc6 3. Bb5 Nd4 4. Nf3 a6 5. Bd3 Nc6 6. O-O d6 7. Bc4 Nf6 8. d4 cxd4 9. Nxd4 Na5 {B90: Sicilian Najdorf: Unusual White 6th moves, 6 Be3 Ng4 and 6 Be3 e5} 10. Be2 {LiveBook: 12 Games} Bd7 (10... e6 11. f4 Be7 12. e5 dxe5 13. fxe5 Bc5 14. Be3 {1-0 (55) Kurnosov,I (2657)-Rakhmanov,A (2602) Khanty-Mansiysk 2013}) 11. Nd5 $146 ({Predecessor:} 11. Kh1 e6 12. f4 Nc6 13. Be3 Be7 14. Bf3 {1-0 (27) Chubinsky,P (2183)-Reichstein,B (2176) Philadelphia 2005}) 11... e5 {White has an edge.} 12. Nxf6+ (12. Nf5 {is more complex.} Nxd5 13. Qxd5 Be6 14. Qd3 Rc8 15. Rd1) 12... gxf6 (12... Qxf6 $14 13. Bd2 Nc6 14. Nxc6 Bxc6) 13. Nf5 $16 Bxf5 14. exf5 d5 15. c4 (15. Qd3 $16) 15... Nxc4 $14 16. Bxc4 dxc4 17. Qf3 $1 Qc7 1/2-1/2

[Event "3rd Stars Cup 2019"]
[Site "Anzali"]
[Date "2019.02.12"]
[Round "1.2"]
[White "Alekseev, Evgeny"]
[Black "Firouzja, Alireza"]
[Result "1/2-1/2"]
[WhiteElo "2639"]
[BlackElo "2618"]
[Annotator "TA"]
[PlyCount "26"]
[EventDate "2019.02.12"]
[EventType "schev"]
[EventCountry "IRI"]
[SourceTitle "playchess.com"]
[Source "ChessBase"]
[SourceQuality "1"]

{[%evp 23,26,0,2,5,18]} 1. c4 g6 2. Nc3 Bg7 3. g3 Nf6 4. Bg2 O-O 5. d3 d6 6. e3 c5 7. Nge2 Nc6 8. O-O Bd7 9. h3 a6 {A36: Symmetrical English vs ...g6: 4 Bg2 Bg7} 10. b3 Rb8 11. Bb2 b5 12. Qd2 e6 {LiveBook: 15 Games} 13. Rad1 $146 ({Predecessor:} 13. Rfd1 Qe7 {0-1 (38) Velikov,P (2427)-Ninov,N (2486) Cutro 2005}) 13... h5 1/2-1/2

[Event "3rd Stars Cup 2019"]
[Site "Anzali"]
[Date "2019.02.12"]
[Round "1.3"]
[White "Bosiocic, Marin"]
[Black "Tabatabaei, M.amin"]
[Result "0-1"]
[WhiteElo "2618"]
[BlackElo "2590"]
[Annotator "TA"]
[PlyCount "90"]
[EventDate "2019.02.12"]
[EventType "schev"]
[EventCountry "IRI"]
[SourceTitle "playchess.com"]
[Source "ChessBase"]
[SourceQuality "1"]

{[%evp 24,90,11,11,11,6,16,12,10,3,7,6,43,43,43,43,43,43,47,54,58,58,56,56,44,40,33,0,0,0,0,0,0,0,0,0,0,0,0,-74,-29,-57,0,0,0,0,0,0,0,0,0,0,0,0,0,-102,0,0,0,-620,-606,-598,-595,-589,-571,-691,-606,-29976,-29977]} 1. d4 Nf6 2. c4 e6 3. Nf3 d5 4. g3 Be7 5. Bg2 O-O 6. O-O dxc4 7. Qc2 c6 8. Qxc4 b5 {E06: Closed Catalan: Early deviations} 9. Qb3 (9. Qc2 Bb7 10. Bg5 Nbd7 11. Bxf6 Bxf6 12. Nbd2 c5 13. dxc5 Rc8 14. Nb3 Bd5 15. Rfd1 a5 16. e4 Bxb3 17. Qxb3 Rxc5 18. a4 b4 {0-1 (44) Maghsoodloo,P (2688)-Ganguly,S (2621) Makati 2018}) 9... Bb7 10. Bg5 Nbd7 11. Rd1 Qb6 12. Nc3 h6 13. Bxf6 {LiveBook: 4 Games} Nxf6 14. Ne5 Rfd8 15. e3 Rab8 16. a4 a6 {[#]} 17. Nd3 $146 ({Predecessor:} 17. Ne4 Nxe4 18. Bxe4 {½-½ (30) Lagno,K (2546)-Paikidze,N (2406) Gaziantep 2012}) 17... c5 (17... Rdc8 {looks sharper.} 18. axb5 cxb5 19. d5 Bxd5 20. Nxd5 Nxd5 21. Bxd5 exd5 22. Nf4 Bf6) 18. dxc5 Bxc5 19. Bxb7 Rxb7 20. Nxc5 Rxd1+ 21. Qxd1 Qxc5 22. axb5 axb5 23. Ra8+ Kh7 24. Qd3+ Qf5 25. e4 Qg6 26. f3 b4 27. Ne2 Rd7 28. Qc2 e5 29. Kf2 ({Don't play} 29. Qc8 Qh5 $17) 29... Qg5 30. Rb8 Rd2 $1 {[%cal Rd2c2]} 31. Qb3 (31. Qc4 $1 $11) 31... Qh5 $17 32. Ke1 $1 {[%cal Re1d2]} Rxe2+ ({Worse is} 32... Nxe4 33. Qe3 $16) ({Black should play} 32... Rd7 $1 $15 33. h4 g5) 33. Kxe2 $11 {[#] aiming for h4.} Qxh2+ $15 {[%mdl 4096] Endgame KQR-KQN} 34. Kd3 Qxg3 35. Kc4 h5 {[%cal Bh6h5,Bh5h4,Bh4h3,Bh3h2][%mdl 32] Threatens to win with ...h4.} 36. Kb5 $1 h4 {[#] Hoping for ...h3.} 37. Qxf7 h3 38. Qf8 h2 39. Qh8+ $1 Kg6 {[%mdl 1024] Black has strong compensation.} 40. Rb7 {[%csl Gh8][%cal Rb7g7]} Nh5 $36 {[%mdl 2048] Strongly threatening ...Qg1. Black has some pressure.} 41. Rb6+ $2 {[%mdl 8192]} (41. Qe8+ $11 Kg5 42. Qd8+ Kf4 43. Qd2+ Kxf3 44. Qd1+ Ke3 45. Qxh5) 41... Kg5 $19 42. Qd8+ Nf6 43. Qh8 Kf4 44. Rd6 {next Rd2 is good for White.} Qg1 45. Rxf6+ gxf6 {Precision: White = 82%, Black = 82%.} 0-1

[Event "3rd Stars Cup 2019"]
[Site "Anzali"]
[Date "2019.02.12"]
[Round "1.4"]
[White "Tiviakov, Sergei"]
[Black "Pourramezanali, Amirreza"]
[Result "1/2-1/2"]
[WhiteElo "2610"]
[BlackElo "2529"]
[Annotator "TA"]
[PlyCount "91"]
[EventDate "2019.02.12"]
[EventType "schev"]
[EventCountry "IRI"]
[SourceTitle "playchess.com"]
[Source "ChessBase"]
[SourceQuality "1"]

{[%evp 9,91,11,2,0,10,6,14,7,17,0,0,-6,5,7,14,0,6,0,42,27,64,14,19,29,30,25,51,0,0,0,0,0,0,-14,0,-12,0,0,0,0,0,0,0,0,0,0,0,0,0,0,0,0,33,25,66,59,74,67,67,67,68,75,83,67,67,67,67,67,67,36,67,67,67,67,74,0,0,0,8,8,8,7,10,2]} 1. e4 e6 2. d4 d5 3. Nd2 c5 4. exd5 Qxd5 5. dxc5 Nf6 6. Ngf3 {C07: French Tarrasch: 3...c5, 4 Ngf3 and 4 exd5 Qxd5} Qxc5 7. Bd3 Qc7 8. O-O Nbd7 9. a4 Nc5 10. Bc4 Bd6 $146 ({Predecessor:} 10... Be7 11. Qe2 O-O 12. a5 Bd6 13. Re1 {1-0 (44) Demchenko,A (2679)-Svane,R (2600) Germany 2018}) 11. Bb5+ Bd7 12. Nc4 $36 {[%mdl 2048] White fights for an advantage.} Be7 $1 13. Qd4 Bxb5 14. axb5 Rd8 15. Qf4 Qxf4 16. Bxf4 Nd5 17. Be5 f6 18. Bg3 (18. Bd4 $1 $14) 18... a6 $11 19. bxa6 Nxa6 20. Nd4 Kf7 21. Rfe1 e5 22. Nf5 Bb4 23. c3 g6 24. Nxe5+ fxe5 25. Nh6+ Kg7 26. Bxe5+ Kxh6 27. Bxh8 Rxh8 28. cxb4 Naxb4 {[#] ...Nc2 is the strong threat.} 29. Ra7 Rb8 30. g3 Kg7 31. Ra5 {[%mdl 1024] White has compensation.} b5 32. Ra7+ Kg8 33. Re6 Rd8 34. Rb7 Nd3 {[#] White must now prevent ...Nc5.} 35. Re2 Rc8 36. Rd2 N5b4 37. Rxb5 Rc1+ 38. Kg2 h5 39. Re2 Kf7 40. Rb7+ Kf6 41. Rb6+ Kf7 42. Ree6 (42. h4 $16) 42... Nd5 $1 {[%cal Rd5b6] The position is equal.} 43. Rbc6 Rxc6 44. Rxc6 Nxb2 45. Rd6 Ne7 46. Rd4 {Accuracy: White = 70%, Black = 53%.} 1/2-1/2

[Event "3rd Stars Cup 2019"]
[Site "Anzali"]
[Date "2019.02.13"]
[Round "2.1"]
[White "Firouzja, Alireza"]
[Black "Safarli, Eltaj"]
[Result "1/2-1/2"]
[WhiteElo "2618"]
[BlackElo "2681"]
[Annotator "TA"]
[PlyCount "86"]
[EventDate "2019.02.12"]
[EventType "schev"]
[EventCountry "IRI"]
[SourceTitle "playchess.com"]
[Source "ChessBase"]
[SourceQuality "1"]

{[%evp 13,86,8,16,12,18,8,14,10,10,9,10,21,19,12,16,15,13,12,13,5,10,-47,-64,-57,17,22,45,31,14,14,46,42,54,26,13,16,46,36,27,26,104,99,110,102,144,142,143,140,147,145,149,145,127,85,87,97,100,77,72,66,67,19,19,19,19,19,18,8,8,8,8,6,7,0,8]} 1. e4 e5 2. Nf3 Nc6 3. Bc4 Bc5 4. c3 Nf6 5. d3 h6 6. O-O d6 7. a4 a6 8. Nbd2 {C54: Giuoco Piano: 4 c3 Nf6, main lines with 5 d4 and 5 d3} O-O 9. h3 Re8 10. Re1 Be6 11. Bxe6 Rxe6 12. b4 Ba7 13. Qc2 Qd7 14. Rb1 Rd8 15. b5 Ne7 16. Nc4 Ng6 {[#]} 17. Na5 $146 (17. Ne3 $11) ({Predecessor:} 17. b6) 17... axb5 $15 {aiming for ...b6.} 18. Rxb5 b6 (18... Nh5 $1 $15) 19. Nc4 $11 Rde8 20. Ne3 c6 21. Rb3 d5 22. c4 Ne7 23. cxd5 cxd5 24. Rb5 dxe4 25. dxe4 Rc8 26. Qb1 Qc6 (26... Bb8 $11 {remains equal.}) 27. Ba3 $16 ({Reject} 27. Nxe5 Qxe4 28. Qxe4 Nxe4 $14) ({Of course not} 27. Rxe5 $6 Rxe5 28. Nxe5 Qxa4 $11) 27... Ng6 28. Nd5 Qc2 {[#]} 29. Rc1 $1 {[%cal Rc1c2]} Qxb1 30. Rbxb1 Rxc1+ 31. Rxc1 Re8 {[#]} 32. Nxf6+ $1 gxf6 33. Rc7 Bb8 34. Rc6 Rd8 35. Rxf6 Rd1+ 36. Kh2 Ra1 $1 {[%cal Ra1a3]} 37. Bb2 Rxa4 {The position is equal.} 38. Rc6 {Strongly threatening Rc8+.} Kg7 39. Rxb6 Ba7 40. Rb7 Bxf2 41. Bxe5+ Kg8 42. Rb8+ Kh7 43. Rb7 Kg8 {Accuracy: White = 54%, Black = 68%.} 1/2-1/2

[Event "3rd Stars Cup 2019"]
[Site "Anzali"]
[Date "2019.02.13"]
[Round "2.2"]
[White "Tabatabaei, M.amin"]
[Black "Alekseev, Evgeny"]
[Result "0-1"]
[WhiteElo "2590"]
[BlackElo "2639"]
[Annotator "TA"]
[PlyCount "129"]
[EventDate "2019.02.12"]
[EventType "schev"]
[EventCountry "IRI"]
[SourceTitle "playchess.com"]
[Source "ChessBase"]
[SourceQuality "1"]

{[%evp 11,129,15,21,15,13,0,0,3,3,11,0,0,0,0,0,0,16,0,15,0,27,-7,16,0,0,-18,-24,-14,-18,-21,-11,-14,-14,-24,-24,-39,-37,-72,-79,-79,-66,-94,-69,-180,-194,-233,-233,-225,-220,-272,-209,-211,-197,-192,-203,-221,-198,-314,-289,-289,-278,-291,-276,-270,-279,-329,-329,-329,-329,-319,-258,-268,-260,-220,-231,-427,-419,-412,-400,-405,-386,-551,-543,-672,-672,-6025,-158,-158,0,-5249,-5139,-29968,-29969,-29969,-29969,-29969,-29970,-29970,-29971,-29971,-5539,-29973,-29974,-29973,-29975,-29975,-29976,-29976,-29975,-29977,-29978,-29978,-29979,-29979,-29980,-29980,-29981,-29981,-29982,-29981]} 1. d4 Nf6 2. c4 e6 3. Nf3 d5 4. Nc3 Bb4 5. Qa4+ Nc6 6. e3 O-O 7. Qc2 {D38: Queen's Gambit Declined: Ragozin Defence (4 Nf3 Bb4)} b6 (7... Re8 8. Bd2 Bd6 9. h3 a6 10. a3 Bd7 11. Be2 dxc4 12. Bxc4 h6 13. g4 e5 14. g5 b5 {1-0 (36) Radjabov,T (2757)-Vidit,S (2695) Wijk aan Zee 2019}) 8. Bd2 Bb7 9. cxd5 {The position is equal.} exd5 10. a3 Bd6 11. Nb5 Be7 12. Bd3 a6 13. Nc3 Bd6 14. O-O Nb8 $146 ({Predecessor:} 14... Re8 15. b4 Nb8 16. b5 a5 {1-0 (31) Chatalbashev,B (2552)-Docx,S (2427) Gent 2017}) 15. b4 Qe7 16. Rfb1 Re8 17. a4 c6 18. Ne5 Bxe5 19. dxe5 Qxe5 20. Ne2 Nbd7 21. Bc3 Qd6 22. Ng3 g6 23. a5 b5 24. Bd4 Rac8 $1 25. Qb2 Ng4 26. Be2 Nge5 27. f4 (27. Bf1 $15) 27... Nc4 $19 28. Bxc4 dxc4 (28... bxc4 29. Ne2 $17) 29. Rd1 {Threatens to win with Bh8.} Qe7 30. Qf2 {White wants to play Nf5!} f6 (30... Qxb4 31. Nf5 $15) 31. f5 c5 (31... Qxb4 32. fxg6 hxg6 33. Bxf6 $14) 32. bxc5 Nxc5 33. fxg6 hxg6 34. Bxf6 (34. Rf1 {might work better.}) 34... Qxe3 35. Qxe3 Rxe3 36. Rd6 Re6 37. Rxe6 Nxe6 38. Bc3 Nf4 39. Rd1 Nd3 ({Not} 39... Nxg2 40. Rd7 $17) ({Resist} 39... Bxg2 40. Rd6 $19) 40. Ne2 Re8 41. Nc1 Nxc1 42. Rxc1 {[%mdl 4096] Endgame KRB-KRB} Re2 43. Rd1 $2 (43. g4) 43... Rxg2+ 44. Kf1 {intending Rd8+.} Rc2 45. Be5 b4 46. Rd7 (46. Rd8+ $142 Kf7 47. Rd7+ Ke6 {[%mdl 64] Double Attack} 48. Rxb7 Kxe5 49. Rxb4) 46... Be4 47. Ke1 b3 48. Rd2 {[#]} Rc1+ $2 (48... c3 $1 $19 {[%cal Rc3d2] is more deadly.} 49. Rxc2 bxc2) 49. Rd1 $17 Rc2 $2 (49... Rxd1+ $17 50. Kxd1 Kf7) 50. Rd2 $19 {[#]} c3 $1 {[%cal Rc3d2]} 51. Rxc2 bxc2 {KB-KB} ({Weaker is} 51... Bxc2 52. Bxc3 Kf7 53. Bh8 $17) 52. Bf4 Kf7 53. Bc1 Ke6 54. Ke2 Kd5 55. Ke3 Bf5 (55... g5 $142 56. Ba3 Bg6 57. Kf3 Kc4 58. Bc1 Kb3 59. Ke3 g4 60. Kd4 Bf5 61. Ke5 Ka2 62. Bg5 Kb2 63. Kd4 c1=B 64. Bxc1+ Kxc1 65. Kxc3 Kd1 66. Kd4 Ke2 67. Ke5 Bd7 68. Kd6 Bb5 69. Ke6 Kf3 70. Kf5 Bd7+ 71. Kg5 Kg2 72. Kh4 Kxh2 73. Kg5 g3 74. Kf6 g2 75. Ke7 Bb5 76. Kf6 g1=Q 77. Kf5 Qe3 78. Kg6 Qe6+ 79. Kh7 Bd3+ 80. Kg7 Qe7+ 81. Kg8 Bg6 82. Kh8 Qh7#) 56. Ba3 Kc4 {Black mates.} 57. Bc1 g5 58. Kf3 g4+ 59. Kf4 Bh7 60. Ke5 Kd3 61. Bf4 Ke2 62. Kd4 Kd1 63. Kxc3 c1=Q+ 64. Bxc1 Kxc1 65. Kd4 {Accuracy: White = 38%, Black = 69%.} 0-1

[Event "3rd Stars Cup 2019"]
[Site "Anzali"]
[Date "2019.02.13"]
[Round "2.3"]
[White "Pourramezanali, Amirreza"]
[Black "Bosiocic, Marin"]
[Result "0-1"]
[WhiteElo "2529"]
[BlackElo "2618"]
[Annotator "TA"]
[PlyCount "106"]
[EventDate "2019.02.12"]
[EventType "schev"]
[EventCountry "IRI"]
[SourceTitle "playchess.com"]
[Source "ChessBase"]
[SourceQuality "1"]

{[%evp 18,106,9,0,14,0,37,25,26,43,40,-17,-1,-20,45,36,38,32,48,7,26,0,44,43,44,-89,-61,-62,-69,-85,-98,-135,-119,-181,-179,-203,-200,-249,-246,-242,-252,-269,-250,-450,-462,-460,-462,-451,-439,-434,-420,-410,-416,-457,-435,-533,-547,-544,-515,-607,-556,-604,-594,-643,-631,-591,-577,-902,-799,-898,-847,-1118,-1097,-1101,-1101,-1086,-1071,-1069,-1045,-960,-878,-1040,-850,-4132,-3050,-2148,-1297,-2325,-2104,-1738,-1622]} 1. e4 e5 2. Nf3 Nc6 3. Bc4 Bc5 4. c3 Nf6 5. d3 d6 6. O-O O-O 7. a4 a5 8. Nbd2 {C54: Giuoco Piano: 4 c3 Nf6, main lines with 5 d4 and 5 d3} Be6 9. h3 h6 10. Re1 {LiveBook: 40 Games. The position is equal.} Qc8 11. Bb5 $146 ({Predecessor:} 11. b3 Re8 12. Bb2 d5 13. exd5 {½-½ (13) Hracek,Z (2610)-Predojevic,B (2614) Mali Losinj 2017}) 11... Na7 (11... Bxh3 {looks sharper.} 12. gxh3 Qxh3 13. d4 exd4 14. cxd4 Qg4+) 12. d4 Nxb5 13. dxc5 Na7 14. Qe2 (14. b3 $14) 14... Nc6 $11 15. Nc4 dxc5 (15... Bxc4 $11 16. Qxc4 dxc5) 16. Ncxe5 Nxe5 17. Nxe5 Nd7 {[%cal Bf6d7,Bd7c5,Bc5e4][%mdl 32]} 18. Nd3 Bc4 {Threatens to win with ...Ne5!} 19. Qe3 Ra6 20. Nxc5 Rg6 21. b3 (21. Kh2 $14 {keeps the upper hand.}) 21... Nxc5 $17 22. bxc4 Nxe4 $1 23. Ba3 Re8 24. Qd3 Rge6 $1 25. Red1 {[#]} (25. Qc2 $17 {keeps fighting.}) 25... c5 $1 $19 26. Qc2 b6 $40 {[%mdl 128] White is in trouble.} 27. Rd5 Nf6 28. Rdd1 Qc6 29. Qd3 Ne4 ({Less strong is} 29... Qxa4 {[#]} 30. Bxc5 $1 {[%mdl 512]} Qc6 31. Be3 $15) 30. Bb2 $2 {[#]} (30. f3 Ng3 31. Kh2) 30... Nxf2 $1 {[%mdl 512]} 31. Kxf2 {[#]} Re2+ $1 {[%mdl 512]} 32. Qxe2 Rxe2+ 33. Kxe2 {Hoping for Kf2.} Qxg2+ 34. Kd3 Qxb2 {[%mdl 4096] Endgame KQ-KRR} 35. Rdb1 Qg2 {Black is clearly winning.} 36. Rxb6 Qxh3+ 37. Kc2 h5 {[%cal Bh6h5,Bh5h4][%mdl 32]} 38. Rb5 h4 39. Rxa5 Qg2+ 40. Kb3 h3 41. Rxc5 h2 42. Rh5 g6 43. Rxh2 Qxh2 {KQ-KR} 44. c5 Kf8 45. a5 Ke7 46. a6 Qb8+ 47. Kc4 Qa7 48. Kb5 Kd7 49. Rd1+ Kc7 50. Rd6 Qb8+ 51. Kc4 Qb2 52. Rf6 Qa2+ 53. Kb4 g5 {Precision: White = 24%, Black = 70%.} 0-1

[Event "3rd Stars Cup 2019"]
[Site "Anzali"]
[Date "2019.02.13"]
[Round "2.4"]
[White "Maghsoodloo, Parham"]
[Black "Tiviakov, Sergei"]
[Result "1-0"]
[WhiteElo "2666"]
[BlackElo "2610"]
[Annotator "TA"]
[PlyCount "65"]
[EventDate "2019.02.12"]
[EventType "schev"]
[EventCountry "IRI"]
[SourceTitle "playchess.com"]
[Source "ChessBase"]
[SourceQuality "1"]

{[%evp 29,64,0,0,-27,0,-30,-10,-48,-47,-49,-35,-60,-46,-47,-43,-119,-41,-66,75,77,125,115,151,102,166,166,534,484,670,669,29995,29996,29996,0,29997,29998,29999]} 1. Nf3 Nf6 2. c4 b6 3. g3 Bb7 4. Bg2 e6 5. O-O Be7 6. Nc3 O-O 7. b3 d5 8. e3 c5 9. Bb2 dxc4 10. bxc4 Nc6 11. Qe2 Qc7 12. Rfd1 {A14: English Opening: 1...e6 with b3 by White} (12. Rac1 Rfd8 13. Rfd1 Na5 14. Ne1 Bxg2 15. Nxg2 Qb7 16. f4 a6 17. Ba1 Ne4 18. Nxe4 Qxe4 19. d3 Qg6 {0-1 (47) Caruana,F (2807)-Aronian,L (2799) Saint Louis 2017}) 12... Rfd8 13. Rab1 a6 14. Ba1 Na7 15. Ne1 Rab8 {[#] LiveBook: 5 Games} 16. g4 $146 ({Predecessor:} 16. f4 Bxg2 17. Nxg2 Qd7 18. a4 Nc6 19. Nh4 Qc7 20. Nf3 Rd7 21. d3 Rbd8 22. Rd2 Ne8 {½-½ (75) Miroshnichenko,E (2606)-Tang,A (2513) chess.com INT 2018}) 16... b5 17. g5 Ne8 18. Qg4 Nd6 19. cxb5 axb5 {[%cal Ba6b5,Bb5b4][%mdl 32]} 20. h4 b4 21. Ne2 Bxg2 22. Nxg2 (22. Kxg2 $15 Qa5 23. Bf6) 22... Nf5 (22... Nc6 $17 {White must now prevent ...Ra8.} 23. h5 Qc8) 23. h5 g6 (23... Nc6 $15) 24. hxg6 $1 $16 hxg6 25. Nh4 $1 $40 {[%cal Rh4f5][%mdl 128] Hoping for Nxf5. White goes for the king.} (25. Qh3 $6 e5 $11) 25... Ng7 26. Nf3 Nc6 (26... Nh5 $16) 27. Kg2 ({Worse is} 27. Bxg7 Kxg7 28. Kg2 Qd6 $15) 27... Rd5 $2 (27... Bd6 {is more resistant.}) 28. Rh1 $18 ({Less strong is} 28. Bxg7 Kxg7 29. Rh1 Rdd8 $16) 28... Bd6 ({Don't blunder} 28... Nh5 $2 29. Rxh5 Ne5 {[#]} 30. Rh8+ $3 {[%mdl 512]} Kg7 31. Rh7+ $3 {[%mdl 512]} Kf8 32. Nxe5) 29. Bf6 {Threatening mate with Rh8+!} Ne5 {[#]} 30. Rh8+ $3 {[%mdl 512]} Kxh8 31. Qh4+ Kg8 32. Qh6 {[%csl Gf6][%cal Rh6g7]} Kf8 33. Qh8# {Precision: White = 58%, Black = 10%.} 1-0

[Event "3rd Stars Cup 2019"]
[Site "Anzali"]
[Date "2019.02.13"]
[Round "3.1"]
[White "Safarli, Eltaj"]
[Black "Tabatabaei, M.Amin"]
[Result "1/2-1/2"]
[WhiteElo "2681"]
[BlackElo "2590"]
[Annotator "TA"]
[PlyCount "61"]
[EventDate "2019.02.12"]
[EventType "schev"]
[EventCountry "IRI"]
[SourceTitle "playchess.com"]
[Source "ChessBase"]
[SourceQuality "1"]

{[%evp 16,61,15,0,0,6,0,7,18,0,0,0,18,26,33,-13,-10,-4,-10,0,0,0,0,-36,48,63,84,31,20,38,14,11,53,45,0,0,0,-70,0,0,0,0,0,0,0,0,0,0]} 1. e4 c5 2. Nc3 Nc6 3. Bb5 Nd4 4. Nf3 Nxb5 5. Nxb5 d6 6. d4 Nf6 {B23: Closed Sicilian: Lines without g3} 7. Qd3 a6 8. Nc3 cxd4 9. Nxd4 {LiveBook: 3 Games} e6 10. Bg5 Be7 11. O-O-O Qc7 12. f4 b5 $146 ({Predecessor:} 12... h6 13. Bh4 O-O 14. Rhe1 {1-0 (52) Safarli,E (2671)-Gasanov,E (2502) Baku 2018}) 13. a3 O-O 14. h4 Rd8 15. e5 dxe5 16. fxe5 Qxe5 {[#] Threatens to win with ...Qc7.} 17. Qf3 Bd7 18. Rhe1 $36 {[%mdl 2048] White has some pressure.} Qc5 19. b4 Qc4 ({Black should play} 19... Qb6 $15 20. Nf5 exf5 21. Rxe7 Bc6 22. Qxf5 Bxg2) 20. Ne4 $1 $14 {[%cal Re4f6]} Qa2 21. Nxf6+ (21. Bxf6 $16 gxf6 22. Rd3) 21... gxf6 22. Bxf6 Bxf6 23. Qxf6 Qxa3+ 24. Kb1 Qxb4+ 25. Nb3 {Strongly threatening Re3.} Be8 26. h5 {[#]} (26. Rxd8 $11 Qxe1+ 27. Ka2 Rxd8 28. Qxd8) 26... Rac8 (26... h6 $1 $15 27. Qxh6 Rxd1+ 28. Rxd1 Qg4) 27. Qg5+ $11 {The position is equal.} Kf8 {Hoping for ...Rd5!} 28. Qh6+ Kg8 {And now ...Rxd1+ would win.} 29. Qg5+ Kf8 {White must now prevent ...Rd5!} 30. Qh6+ Kg8 {...Rxd1+ is the strong threat.} 31. Qg5+ {Precision: White = 44%, Black = 68%.} 1/2-1/2

[Event "3rd Stars Cup 2019"]
[Site "Anzali"]
[Date "2019.02.13"]
[Round "3.2"]
[White "Alekseev, Evgeny"]
[Black "Pourramezanali, Amirreza"]
[Result "1-0"]
[WhiteElo "2639"]
[BlackElo "2529"]
[Annotator "TA"]
[PlyCount "67"]
[EventDate "2019.02.12"]
[EventType "schev"]
[EventCountry "IRI"]
[SourceTitle "playchess.com"]
[Source "ChessBase"]
[SourceQuality "1"]

{[%evp 13,67,0,0,-3,7,0,0,0,4,0,4,-25,0,0,0,1,33,28,33,33,35,36,31,34,31,29,30,32,28,31,50,50,81,83,80,79,142,138,281,282,270,263,253,253,708,689,646,277,304,294,325,324,323,318,310,289]} 1. e4 c6 2. d3 d5 3. Nd2 e5 4. Ngf3 Bd6 5. d4 exd4 6. exd5 cxd5 7. Nxd4 Nc6 8. N2b3 {B10: Caro-Kann: 2 d3 and 2 c4} (8. N2f3 Nf6 9. Be2 O-O 10. O-O h6 11. c3 Re8 12. h3 Bc7 13. Re1 a6 14. Bd3 Rxe1+ 15. Qxe1 Qd6 {0-1 (30) Andriasian,Z (2591)-Vidit,S (2718) chess.com INT 2018}) 8... Nge7 9. Be2 O-O 10. O-O {The position is equal.} Nf5 11. c3 Re8 12. Nf3 $146 ({Predecessor:} 12. Bf3 Nh4 13. Be3 Nxf3+ 14. Qxf3 Ne5 15. Qxd5 {0-1 (25) Beeckmans,F (2235)-Delemarre,J (2395) Antwerp 1997}) 12... Bc7 13. Re1 h6 14. Bd3 Ne5 (14... Rxe1+ {with more complications.} 15. Qxe1 Be6 16. Be3 Qf6 17. Nbd4 Nfxd4 18. Bxd4 Nxd4 19. Nxd4 Bd7) 15. Bf4 Nxd3 16. Bxc7 Rxe1+ 17. Nxe1 Qxc7 18. Qxd3 Be6 19. Nf3 Nd6 20. Re1 Nc4 21. Re2 Bg4 22. h3 Bxf3 23. Qxf3 Qd7 24. Nd4 Re8 (24... f6 $142) 25. Qg4 $36 {[%mdl 2048] White is in control.} Rd8 {[#]} (25... Qd8 $16 {was called for.}) 26. Nf5 $1 $18 {[%csl Gf5][%cal Rg4g7]} g6 27. Nxh6+ Kg7 28. Qf4 {Hoping for Ng4.} f6 $2 (28... Re8 29. Ng4 Re6 30. Qd4+ (30. Rxe6 Qxe6 31. Qd4+ Kf8 $18) 30... f6) 29. Ng4 Qf7 30. Qd4 (30. Qh6+ $142 Kg8 31. Qh4) 30... Nd6 {White has a decisive advantage.} 31. Qxa7 Nf5 32. Ne3 Nxe3 33. Qxe3 ({But not} 33. Rxe3 Rc8 $18) 33... Rd7 34. Qe8 {Accuracy: White = 71%, Black = 42%.} 1-0